000 00288nam a22001337a 4500
020 _a978-93-80078-50-2
082 _a823
_bMOO/H
100 _aMOORE, PATRICIA
245 _aHORROR STORIES
260 _aDELHI
_bMAANU GRAPHICS
300 _a224
650 _aSTORY BOOK
_zINDIA
942 _cBK
999 _c3536
_d3536